• 首页
  • 本馆介绍
  • 公告通知
  • 最新文献
  • 馆藏检索
  • 电子资源
  • 读者导购
  • 参考咨询
  • 我的图书馆
  • 登录
  • 详细信息显示
  • 放入我的书架
  • 预约/预借图书
  • 作者相关作品
  • 分类相关作品
  • 丛书相关作品
  • 出版社相关作品

书目信息

  • 表格格式
  • 工作单格式
  • 卡片格式
题名:
在家游远方
    
 
作者: 张德强 编著
分册:  
出版信息: 北京   人民邮电出版社  2022
页数: 268页
开本: 24cm
丛书名:
单 册:
中图分类: J214.2 , J214
科图分类:
主题词: 钢笔画--风景画--绘画技法--教材
电子资源:
ISBN: 978-7-115-57408-4
000 00957nam0 2200241 450
001 2253849509
005 20220917145754.84
010    @a978-7-115-57408-4@dCNY79.80
100    @a20220315d2022 em y0chiy50 ea
101 0  @achi
102    @aCN@b110000
105    @aa z 000yy
200 1  @a在家游远方@9zai jia you yuan fang@e钢笔淡彩风景绘画实例教程@f张德强编著
210    @a北京@c人民邮电出版社@d2022
215    @a268页@d24cm
300    @a绘客
330    @a本书第1章基础知识部分,从工具入手,分别讲解了水彩基础技法和叠色效果的绘制,提供了本书使用的色卡;第2章精选了如洪崖洞、漠河、听花堂、李子坝、土耳其冰淇淋店、厦门最美转角、朝天门、老门东、大栅栏、前门、不夜城、凤凰古城、丽江古城、宽窄巷子、骑楼老街、等等景点进行案例教学。每个案例还分析了绘制要点。
606 0  @a钢笔画@x风景画@x绘画技法@j教材
690    @aJ214.2@v5
690    @aJ214@v4
701  0 @a张德强@9zhang de qiang@4编著
801  0 @aCN@b91MARC@c20220425
905    @aZUCC@dJ214@e156
    
    在家游远方:钢笔淡彩风景绘画实例教程/张德强编著.-北京:人民邮电出版社,2022
    268页;24cm
    绘客
    
    ISBN 978-7-115-57408-4:CNY79.80
    本书第1章基础知识部分,从工具入手,分别讲解了水彩基础技法和叠色效果的绘制,提供了本书使用的色卡;第2章精选了如洪崖洞、漠河、听花堂、李子坝、土耳其冰淇淋店、厦门最美转角、朝天门、老门东、大栅栏、前门、不夜城、凤凰古城、丽江古城、宽窄巷子、骑楼老街、等等景点进行案例教学。每个案例还分析了绘制要点。
●
相关链接 在五车中查询图书 在当当中查询图书 在豆瓣中查询图书


正题名:在家游远方     索取号:J214/156         预约/预借

序号 登录号 条形码 馆藏地/架位号 状态 备注
1 2000896309   2000896309   第三书库/ [索取号:J214/156] 在馆    
2 2000896310   2000896310   第三书库/ [索取号:J214/156] 在馆    
3 2000896311   2000896311   第三书库/ [索取号:J214/156] 在馆    
山东省滨州职业学院图书馆 欢迎您!
大连网信软件有限公司© 版权所有